000 00498nam a2200181 4500
003 LK-CoMWRAF
005 20240131233510.0
008 240131b |||||||| |||| 00| 0 eng d
040 _aLK-CoMWRAF
_dLK-CoMWRAF
_eLK-CoMWRAF
041 _aeng
082 _a006
_bROY
110 _aRoyal Tropical Institute
245 _aRoyal tropical institute annual report - 2007
260 _aAmsterdam :
_bRoyal Tropical Institute,
_c2007
300 _a52 p
650 _aTROPICS-Annual reports
942 _cBK
999 _c4711
_d4711